书目信息 |
| 题名: |
亘古繁衍的生命
|
|
| 作者: | 高海峰 , 熊思东 主编 ;于宁 编写 | |
| 分册: | ||
| 出版信息: | 上海 上海科学技术文献出版社 2011.02 |
|
| 页数: | 235页 | |
| 开本: | 25cm | |
| 丛书名: | 科学原来如此 | |
| 单 册: | ||
| 中图分类: | Q1-0 | |
| 科图分类: | ||
| 主题词: | 生命科学--Sheng Ming Ke Xue--普及读物 | |
| 电子资源: | ||
| ISBN: | 978-7-5439-4685-9 | |
| 000 | 01014nam 2200301 450 | |
| 001 | B20110024596 | |
| 005 | 20110723134316.03 | |
| 010 | @a978-7-5439-4685-9@dCNY30.00 | |
| 100 | @a20110601d2011 em y0chiy50 ea | |
| 101 | 0 | @achi |
| 102 | @aCN@b310000 | |
| 105 | @aak z 000yy | |
| 106 | @ar | |
| 200 | 1 | @a亘古繁衍的生命@AGen Gu Fan Yan De Sheng Ming@f主编熊思东, 高海峰 |
| 210 | @a上海@c上海科学技术文献出版社@d2011.02 | |
| 215 | @a235页@c图 (部分彩图)@d25cm | |
| 225 | 2 | @a科学原来如此@AKe Xue Yuan Lai Ru Ci |
| 314 | @a书中题: 编写人员于宁 ... [等] | |
| 330 | @a本书主要内容包括:生命是怎样产生的、生命起源的原核细胞、真核细胞、先有鸡还是先有蛋、真核细胞、先有鸡还是先有蛋、侏罗纪公园等。 | |
| 410 | 0 | @12001 @a科学原来如此 |
| 586 | @a | |
| 606 | 0 | @a生命科学@ASheng Ming Ke Xue@j普及读物 |
| 690 | @aQ1-0@v5 | |
| 701 | 0 | @a高海峰@AGao Hai Feng@4主编 |
| 701 | 0 | @a熊思东@AXiong Si Dong@f1962-@4主编 |
| 702 | 0 | @a于宁@AYu Ning@4编写 |
| 801 | 0 | @aCN@c20110610 |
| 905 | @dQ1-0@eX6441@f3 | |
| 亘古繁衍的生命/主编熊思东, 高海峰.-上海:上海科学技术文献出版社,2011.02 |
| 235页:图 (部分彩图);25cm.-(科学原来如此) |
| ISBN 978-7-5439-4685-9:CNY30.00 |
| 本书主要内容包括:生命是怎样产生的、生命起源的原核细胞、真核细胞、先有鸡还是先有蛋、真核细胞、先有鸡还是先有蛋、侏罗纪公园等。 |
| ● |
| 相关链接 |
|
|
|
正题名:亘古繁衍的生命
索取号:Q1-0/X6441
 
预约/预借
| 序号 | 登录号 | 条形码 | 馆藏地/架位号 | 状态 | 备注 |
| 1 | 886553 | 208865539 | 自科库401/401自科库 24排4列3层/ [索取号:Q1-0/X6441] | 在馆 | |
| 2 | 886554 | 208865548 | 自科库401/401自科库 24排4列3层/ [索取号:Q1-0/X6441] | 在馆 | |
| 3 | 886555 | 208865557 | 自科库401/401自科库 24排4列3层/ [索取号:Q1-0/X6441] | 在馆 |